000
00290nam a22000977a 4500
008
200907b ||||| |||| 00| 0 eng d
100
_a
Marcovitch, Emile
245
_a
Catalog of Russian vignettes, Part II Period of the First World War
260
_c
1959
650
_a
Russia | Revenue | Vignettes
999
_c
3085
_d
3085